| 000 | 00773nam a22002297a 4500 | ||
|---|---|---|---|
| 999 |
_c166228 _d166228 |
||
| 010 | _aB-213145 | ||
| 020 |
_a8170491738 _cManas Publications |
||
| 035 | _aB-213145 | ||
| 037 | _aDBAD/PUB | ||
| 082 |
_22004 _aS _b1+ |
||
| 100 |
_aJha,Aparna _dManas Publications _q24 Ansari Road Darya Ganj Delhi-02 |
||
| 245 |
_aBlack, White & Polka Dot _cJha, Aparna _hEnglish |
||
| 246 | _aब्लैक वाइट & पोल्का डॉट | ||
| 250 | _a2004 | ||
| 260 |
_a24, Ansari Road, Darya Ganj, New Delhi-110002 _bManas Publications _c2004 |
||
| 270 | _a4858, Prahlad Street, 24, Ansari Road, Darya Ganj, New Delhi-02 | ||
| 300 |
_a128 pages; _c22cm ;CB |
||
| 600 | _dJha, Aparna | ||
| 700 | _aJha, Aparna | ||
| 760 | _b2004 | ||
| 942 |
_2ddc _cEN _e2004 _hS _kJHA |
||